| 000 | 00672nam a2200121Ia 4500 | ||
|---|---|---|---|
| 008 | 220620s9999||||xx |||||||||||||| ||und|| | ||
| 245 | 0 |
_aMoving Images _bMediating Migration as Crisis |
|
| 546 | _aEnglish[eng] | ||
| 650 | _aMigration||Media||Globalization||Visual Culture||ICTs||Image||Media Aesthetics||Sociology of Media||Visual Studies||Media Studies | ||
| 700 | _aLynes, Krista||Morgenstern, Tyler||Paul, Ian Alan | ||
| 856 | _uhttps://library.oapen.org/bitstream/20.500.12657/39497/1/9783839448274.pdf||https://library.oapen.org/bitstream/20.500.12657/39497/1/9783839448274.pdf||https://library.oapen.org/bitstream/20.500.12657/39497/1/9783839448274.pdf | ||
| 942 | _cEB | ||
| 999 |
_c29736 _d29736 |
||